Modern Musical Modes Quiz Stats

 Plays Quiz Updated Feb 20, 2020

Support Sporcle.
Go Orange.
Score 0/7 Timer 03:00
0 Plays Today
Starts on Mode % Correct
DDorian
90.8%
GMixolydian
78.4%
FLydian
78.3%
Middle CIonian
72.1%
EPhrygian
71.4%
AAeolian
65%
BLocrian
52.4%

From the Vault

Who Am I? Religious Figures

by LisaSimpsonOH

Just have faith that you'll do well on this quiz.
Remove Ads.
Support Sporcle.
Get the best of Sporcle when you Go Orange. This ad-free experience offers more features, more stats, and more fun while also helping to support Sporcle. Thank you for becoming a member.

Show Comments

Extras

Top Quizzes Today


Score Distribution

Your Account Isn't Verified!

In order to create a playlist on Sporcle, you need to verify the email address you used during registration. Go to your Sporcle Settings to finish the process.

Report this User

Report this user for behavior that violates our Community Guidelines.

Details: